[Event "II Festival A"]
[Site "Cortina d'Ampezzo ITA"]
[Date "2004.07.14"]
[Round "5"]
[White "Genocchio, Daniele"]
[Black "Molina, Fabrizio"]
[Result "1-0"]
[WhiteElo "2353"]
[BlackElo "2246"]
[PlyCount "87"]
[EventDate "2004.07.11"]

1. g3 c5 2. Bg2 Nc6 3. Nf3 g6 4. O-O Bg7 5. a3 e5 6. d3 Nge7 7. Nc3 d5 8. e4 d4
9. Na4 Qd6 10. c4 O-O 11. Rb1 b6 12. b4 cxb4 13. axb4 Nxb4 14. Nxd4 Qxd4 15.
Rxb4 Rd8 16. Rb3 Be6 17. Be3 Qd7 18. Qa1 Nc6 19. Ra3 Rab8 20. Nc3 a5 21. Nd5
Bxd5 22. cxd5 Nb4 23. Rc1 Rdc8 24. Rac3 Rxc3 25. Rxc3 Bf8 26. Bf3 a4 27. Rc4 b5
28. Qxe5 Bd6 29. Qf6 Be7 30. Qe5 Bd6 31. Qf6 Be7 32. Qe5 Qd6 33. Qxd6 Bxd6 34.
Rc3 Na2 35. Rc6 b4 36. Rxd6 b3 37. Bd4 a3 38. Bd1 Nc1 39. Bxb3 Kf8 40. Bc4 Ne2+
41. Kg2 Nxd4 42. Ra6 Nc2 43. Ra7 Rb6 44. e5 1-0

[Event "II Festival A"]
[Site "Cortina d'Ampezzo ITA"]
[Date "2004.07.14"]
[Round "5"]
[White "Lain, Luigi"]
[Black "Gardi, Giuseppe"]
[Result "1-0"]
[WhiteElo "2243"]
[BlackElo "2061"]
[PlyCount "59"]
[EventDate "2004.07.11"]

1. d4 g6 2. c4 Bg7 3. e4 d6 4. Nc3 e5 5. d5 Nd7 6. Be3 Ne7 7. f3 f5 8. Qd2 h6
9. Bd3 f4 10. Bf2 O-O 11. g3 c5 12. Nce2 g5 13. h4 Nf6 14. hxg5 hxg5 15. Nc3 a6
16. gxf4 gxf4 17. O-O-O b5 18. Nh3 Nh7 19. Rdg1 bxc4 20. Bxc4 Rf6 21. Bh4 Rh6
22. Nxf4 Rxh4 23. Rxh4 exf4 24. Qh2 Nf8 25. Rh8+ Kf7 26. Qh5+ Neg6 27. Rxg6
Nxg6 28. Rxd8 Bg4 29. Qxg4 Rxd8 30. Qf5+ 1-0

[Event "II Festival A"]
[Site "Cortina d'Ampezzo ITA"]
[Date "2004.07.14"]
[Round "5"]
[White "Logallo, Claudio"]
[Black "Cavatorta, Fosco"]
[Result "1/2-1/2"]
[WhiteElo "2017"]
[BlackElo "2057"]
[PlyCount "113"]
[EventDate "2004.07.11"]

1. e4 d6 2. d4 Nf6 3. Nc3 g6 4. f4 Bg7 5. Nf3 c5 6. dxc5 Qa5 7. Bd3 Qxc5 8. Qe2
O-O 9. Be3 Qa5 10. O-O Nc6 11. h3 h6 12. g4 h5 13. Nh2 Bd7 14. Qg2 hxg4 15.
hxg4 Rac8 16. a3 a6 17. Ne2 Nh7 18. c3 b5 19. Nf3 Qc7 20. Kf2 Nf6 21. Nh2 Na5
22. g5 Nh5 23. Rh1 Nc4 24. Bxc4 Qxc4 25. Nf1 Qb3 26. Rb1 f5 27. gxf6 Rxf6 28.
Nd2 Qf7 29. Ke1 e5 30. fxe5 dxe5 31. Rf1 Rxf1+ 32. Qxf1 Qxf1+ 33. Nxf1 Rf8 34.
Rd1 Bh3 35. Nfg3 Nxg3 36. Nxg3 Rf3 37. Bf2 Bh6 38. Rd6 Kf7 39. Ne2 Be3 40. Bxe3
Rxe3 41. Kf2 Rxe4 42. Rxa6 Be6 43. Kf3 Bd5 44. Kf2 Rh4 45. Kg3 Rh1 46. Kf2 Rh2+
47. Ke3 Rg2 48. Nc1 Rg3+ 49. Kd2 e4 50. b3 Rg2+ 51. Ke3 Rc2 52. Ne2 Bxb3 53.
Nd4 Rxc3+ 54. Kxe4 Ba4 55. Rb6 Rxa3 56. Nxb5 Bxb5 57. Rxb5 1/2-1/2

[Event "II Festival A"]
[Site "Cortina d'Ampezzo ITA"]
[Date "2004.07.14"]
[Round "5"]
[White "Mariano, Elia"]
[Black "Cardili, Mariano"]
[Result "1/2-1/2"]
[WhiteElo "2212"]
[BlackElo "1997"]
[PlyCount "70"]
[EventDate "2004.07.11"]

1. d4 d5 2. c4 c6 3. Nf3 Nf6 4. Nc3 dxc4 5. a4 Bf5 6. e3 e6 7. Bxc4 Bb4 8. O-O
Nbd7 9. Qe2 Bg6 10. Bd2 O-O 11. Ne4 Bxd2 12. Nexd2 Ne4 13. Nxe4 Bxe4 14. b4 a6
15. Nd2 Bd5 16. Bd3 e5 17. f4 exf4 18. Rxf4 Qe7 19. e4 Rfe8 20. Qf2 Be6 21. Rf1
Rad8 22. b5 axb5 23. axb5 Nf8 24. bxc6 bxc6 25. e5 Bd5 26. Nc4 Ng6 27. Bxg6
hxg6 28. Nd6 Rf8 29. Qg3 Ra8 30. R4f2 Ra2 31. Rxa2 Bxa2 32. Ra1 Qe6 33. Qf2 Bd5
34. h3 Qd7 35. Qb2 Qc7 1/2-1/2

[Event "II Festival A"]
[Site "Cortina d'Ampezzo ITA"]
[Date "2004.07.14"]
[Round "5"]
[White "Navarro, Stefano"]
[Black "Tamburini, Lorenzo"]
[Result "1-0"]
[WhiteElo "2117"]
[BlackElo "2078"]
[PlyCount "65"]
[EventDate "2004.07.11"]

1. e4 e5 2. Nf3 Nf6 3. Nxe5 d6 4. Nf3 Nxe4 5. d4 d5 6. Bd3 Nc6 7. O-O Bg4 8.
Re1 Be7 9. c3 f5 10. Nbd2 O-O 11. Qb3 Na5 12. Qa4 Nc6 13. Qb3 Na5 14. Qc2 Nc6
15. b4 Nxd2 16. Nxd2 Qd7 17. Nf1 Bh5 18. b5 Na5 19. Ne3 g6 20. Nxd5 Qxd5 21.
Rxe7 Rfe8 22. Rxe8+ Rxe8 23. Bf4 Qf7 24. c4 Kg7 25. Rc1 b6 26. c5 Nb7 27. cxb6
cxb6 28. Qd2 g5 29. Bxg5 Nd6 30. Bf4 Re6 31. Be5+ Kg8 32. Bxd6 Rxd6 33. Bc4 1-0

[Event "II Festival A"]
[Site "Cortina d'Ampezzo ITA"]
[Date "2004.07.14"]
[Round "5"]
[White "Poropat, Marijan"]
[Black "D'Apa, Matteo"]
[Result "1/2-1/2"]
[WhiteElo "2126"]
[BlackElo "1939"]
[PlyCount "83"]
[EventDate "2004.07.11"]

1. d4 d5 2. c4 c6 3. Nf3 e6 4. e3 Nf6 5. Nbd2 Bd6 6. b3 Nbd7 7. Bb2 O-O 8. Bd3
b6 9. e4 dxe4 10. Nxe4 Nxe4 11. Bxe4 Bb7 12. O-O Nf6 13. Bc2 c5 14. dxc5 Bxc5
15. Qe2 Qe7 16. Ng5 h6 17. Qd3 e5 18. Nh3 e4 19. Qg3 Bd6 20. Qh4 Be5 21. Bxe5
Qxe5 22. Rae1 Rfe8 23. Re3 Qh5 24. Qg3 Qe5 25. Nf4 Rad8 26. h3 Rd2 27. Bb1 Red8
28. Ne2 Qxg3 29. Nxg3 R8d4 30. Nf5 Rd8 31. Rg3 Nh5 32. Rg4 Kh7 33. Bxe4 Bxe4
34. Rxe4 Rxa2 35. g4 Nf6 36. Re3 Rdd2 37. Ne7 Re2 38. Rxe2 Rxe2 39. Nc6 Rb2 40.
b4 Rc2 41. Ne5 Kg8 42. Ra1 1/2-1/2

[Event "II Festival A"]
[Site "Cortina d'Ampezzo ITA"]
[Date "2004.07.14"]
[Round "5"]
[White "Qendro, Llambi"]
[Black "Miladinovic, Igor"]
[Result "1/2-1/2"]
[WhiteElo "2343"]
[BlackElo "2630"]
[PlyCount "62"]
[EventDate "2004.07.11"]

1. d4 d5 2. c4 Nc6 3. Nf3 Bg4 4. cxd5 Bxf3 5. gxf3 Qxd5 6. e3 e5 7. Nc3 Bb4 8.
Bd2 Bxc3 9. bxc3 Qd6 10. Qb3 O-O-O 11. Rb1 b6 12. Bc1 Nge7 13. Ba3 Qf6 14. Bxe7
Nxe7 15. Be2 Rhe8 16. Rg1 exd4 17. cxd4 Nf5 18. Kf1 Kb8 19. Rg4 Qh6 20. Qc2 Ne7
21. Rc1 Qxh2 22. f4 Nd5 23. Bf3 c5 24. Rxg7 Qh3+ 25. Bg2 Qe6 26. dxc5 Nxe3+ 27.
fxe3 Qxe3 28. cxb6 Qxf4+ 29. Kg1 Qe3+ 30. Kf1 Qf4+ 31. Kg1 Qe3+ 1/2-1/2

[Event "II Festival A"]
[Site "Cortina d'Ampezzo ITA"]
[Date "2004.07.14"]
[Round "5"]
[White "Rocchetti, Marco"]
[Black "Cetro, Carlo"]
[Result "0-1"]
[WhiteElo "1978"]
[BlackElo "2042"]
[PlyCount "60"]
[EventDate "2004.07.11"]

1. d4 f5 2. Bg5 c6 3. c3 d6 4. e3 Qc7 5. f4 g6 6. Nf3 Bg7 7. Qb3 h6 8. Bh4 Nd7
9. Bc4 d5 10. Be2 e6 11. Nbd2 Ndf6 12. Ne5 Ne7 13. Bxf6 Bxf6 14. O-O-O Bxe5 15.
dxe5 b5 16. Bd3 Qb6 17. Rde1 Bd7 18. Qc2 c5 19. Nf3 O-O-O 20. h3 Kb8 21. Kb1
Rc8 22. Qd2 a5 23. g4 d4 24. exd4 c4 25. Be2 Bc6 26. Rhg1 Be4+ 27. Kc1 b4 28.
gxf5 gxf5 29. Rg7 Nd5 30. Nh4 bxc3 0-1

[Event "II Festival A"]
[Site "Cortina d'Ampezzo ITA"]
[Date "2004.07.14"]
[Round "5"]
[White "Tomba, Ivan"]
[Black "Bellincampi, Stefano"]
[Result "0-1"]
[WhiteElo "2292"]
[BlackElo "2064"]
[PlyCount "62"]
[EventDate "2004.07.11"]

1. e4 e5 2. Nf3 Nc6 3. d4 exd4 4. Nxd4 Nf6 5. Nxc6 bxc6 6. e5 Qe7 7. Qe2 Nd5 8.
c4 Nb6 9. Nd2 a5 10. Qe4 g6 11. Bd3 Bg7 12. f4 O-O 13. O-O Ba6 14. b3 d5 15.
Qe2 Rae8 16. Bb2 f6 17. Nf3 dxc4 18. bxc4 fxe5 19. fxe5 Na4 20. Bd4 Nc5 21. Bc2
Ne6 22. Bf2 Qb4 23. Rab1 Qxc4 24. Qxc4 Bxc4 25. Rfc1 Bxa2 26. Ra1 Bd5 27. Rxa5
Nf4 28. Kh1 Ne2 29. Re1 Rxf3 30. Rxe2 Rxe5 31. Ra8+ Kf7 0-1

[Event "II Festival A"]
[Site "Cortina d'Ampezzo ITA"]
[Date "2004.07.14"]
[Round "5"]
[White "Ventura, Sergio"]
[Black "Bisignano, Giuseppe"]
[Result "0-1"]
[WhiteElo "2175"]
[BlackElo "1958"]
[PlyCount "50"]
[EventDate "2004.07.11"]

1. c4 e5 2. Nc3 Nc6 3. g3 f5 4. Bg2 Nf6 5. a3 a5 6. b3 Bc5 7. Bb2 O-O 8. Nd5
Ng4 9. e3 d6 10. h3 Nxf2 11. Kxf2 f4 12. gxf4 exf4 13. Nf3 fxe3+ 14. dxe3 Ne5
15. Ke2 c6 16. Rg1 Ng6 17. b4 Ba7 18. Qd2 cxd5 19. Qxd5+ Kh8 20. Ng5 Qe7 21.
Be4 Rf5 22. Bxg7+ Kxg7 23. Nxh7 Rxd5 24. Rxg6+ Kh8 25. Nf6 Bf5 0-1

[Event "II Festival A"]
[Site "Cortina d'Ampezzo ITA"]
[Date "2004.07.14"]
[Round "5"]
[White "Vezzosi, Paolo"]
[Black "Kostic, Vladimir G."]
[Result "0-1"]
[WhiteElo "2350"]
[BlackElo "2390"]
[PlyCount "76"]
[EventDate "2004.07.11"]

1. d4 Nf6 2. c4 e6 3. Nf3 b6 4. e3 Bb7 5. Nc3 Bb4 6. Bd3 O-O 7. O-O d5 8. cxd5
exd5 9. Qc2 Nbd7 10. Bd2 a6 11. Ne5 Bd6 12. f4 c5 13. Be1 c4 14. Bf5 g6 15. Bh3
b5 16. Bh4 Qe7 17. a3 Rfe8 18. g4 Ne4 19. Nxe4 dxe4 20. g5 Nb6 21. Bg2 Na4 22.
Rf2 c3 23. b3 Nb2 24. Bxe4 Rac8 25. Bxb7 Qxb7 26. Ng4 Kh8 27. Rg2 a5 28. Bg3 b4
29. axb4 axb4 30. Rf1 Qe4 31. Qxe4 Rxe4 32. Ra1 h5 33. gxh6 f5 34. Nf6 Rxe3 35.
Bh4 Nd3 36. Rxg6 c2 37. Rc1 Nxc1 38. h7 Ree8 0-1

[Event "II Festival A"]
[Site "Cortina d'Ampezzo ITA"]
[Date "2004.07.14"]
[Round "5"]
[White "Xia, Jie"]
[Black "Papa, Angelo"]
[Result "0-1"]
[WhiteElo "2126"]
[BlackElo "1904"]
[PlyCount "44"]
[EventDate "2004.07.11"]

1. e4 d6 2. d4 Nf6 3. Nc3 c6 4. f3 Nbd7 5. Bg5 e5 6. Nge2 Be7 7. Qd2 O-O 8. g4
b5 9. Ng3 exd4 10. Qxd4 Ne5 11. Be2 b4 12. Nd1 c5 13. Qd2 Be6 14. Ne3 h6 15.
Bxf6 Bxf6 16. O-O-O Qa5 17. Nd5 Bg5 18. f4 Qxa2 19. Qe3 Bxg4 20. b3 Bxe2 21.
Qxe2 c4 22. fxg5 c3 0-1

[Event "II Festival A"]
[Site "Cortina d'Ampezzo ITA"]
[Date "2004.07.14"]
[Round "5"]
[White "Zoldan, Matteo"]
[Black "Belloni, Umberto"]
[Result "1/2-1/2"]
[WhiteElo "2103"]
[BlackElo "1955"]
[PlyCount "25"]
[EventDate "2004.07.11"]

1. e4 e6 2. d4 d5 3. Nc3 dxe4 4. Nxe4 Nf6 5. Nxf6+ gxf6 6. Nf3 c5 7. Be3 Qb6 8.
dxc5 Bxc5 9. Bxc5 Qxc5 10. Qd2 Nc6 11. O-O-O e5 12. Qh6 Ke7 13. Bd3 1/2-1/2

[Event "II Festival A"]
[Site "Cortina d'Ampezzo ITA"]
[Date "2004.07.15"]
[Round "6"]
[White "Beccaris, Gabriele"]
[Black "Xia, Jie"]
[Result "1-0"]
[WhiteElo "2081"]
[BlackElo "2126"]
[PlyCount "127"]
[EventDate "2004.07.11"]

1. e4 c5 2. c3 d5 3. exd5 Qxd5 4. d4 Nc6 5. Nf3 Bg4 6. Be2 e6 7. O-O Nf6 8. Na3
cxd4 9. Nb5 Qd7 10. Nbxd4 Bd6 11. Re1 O-O 12. Bg5 Be7 13. Qa4 Nxd4 14. Qxd4
Qxd4 15. Nxd4 Bxe2 16. Rxe2 h6 17. Bh4 Bc5 18. b4 Bxd4 19. cxd4 g5 20. Bg3 Rfc8
21. h4 gxh4 22. Bxh4 Nd5 23. a3 Rc3 24. f3 Rac8 25. Ree1 Rd3 26. Red1 Rb3 27.
Rdb1 Rxb1+ 28. Rxb1 Nc3 29. Re1 Nb5 30. a4 Nxd4 31. Bf2 Nc2 32. Rc1 a6 33. b5
axb5 34. axb5 Rc4 35. Rd1 Nb4 36. Rd7 b6 37. Bxb6 Nd5 38. Ba5 Rc5 39. b6 Rxa5
40. b7 Rb5 41. Rd8+ Kg7 42. b8=Q Rxb8 43. Rxb8 f5 44. Kf2 Kf6 45. Ra8 Ne7 46.
Ke3 Nd5+ 47. Kd4 Nf4 48. Ra2 e5+ 49. Ke3 Nd5+ 50. Kf2 e4 51. Ra6+ Ke5 52. fxe4
fxe4 53. Rxh6 e3+ 54. Kf3 e2 55. Kxe2 Nf4+ 56. Kf3 Kf5 57. Rh8 Ne6 58. Rh5+
Ng5+ 59. Kg3 Kg6 60. Kg4 Ne4 61. Ra5 Nf6+ 62. Kh4 Ne4 63. g4 Nf6 64. Ra6 1-0

[Event "II Festival A"]
[Site "Cortina d'Ampezzo ITA"]
[Date "2004.07.15"]
[Round "6"]
[White "Bellincampi, Stefano"]
[Black "Efimov, Igor"]
[Result "0-1"]
[WhiteElo "2064"]
[BlackElo "2491"]
[PlyCount "74"]
[EventDate "2004.07.11"]

1. e4 c5 2. Nf3 d6 3. Bc4 Nc6 4. c3 Nf6 5. d3 g6 6. Bb3 Bg7 7. O-O O-O 8. Re1
b6 9. Nbd2 Ba6 10. Nf1 Ne5 11. Bc2 Nfd7 12. h3 e6 13. N3h2 b5 14. f4 Nc6 15.
Nf3 b4 16. d4 Rc8 17. Be3 bxc3 18. bxc3 Qa5 19. Bd3 Bxd3 20. Qxd3 cxd4 21. Nxd4
Nc5 22. Nxc6 Rxc6 23. Bxc5 Qxc5+ 24. Kh1 Qxc3 25. Qxc3 Bxc3 26. Rac1 Rfc8 27.
Red1 Bb4 28. Rxc6 Rxc6 29. Rb1 Rc4 30. Ng3 h5 31. h4 a5 32. Rb3 a4 33. Rd3 a3
34. Re3 Rc2 35. Re2 Rb2 36. Kg1 Bd2 37. f5 Bf4 0-1

[Event "II Festival A"]
[Site "Cortina d'Ampezzo ITA"]
[Date "2004.07.15"]
[Round "6"]
[White "Belloni, Umberto"]
[Black "Ventura, Sergio"]
[Result "0-1"]
[WhiteElo "1955"]
[BlackElo "2175"]
[PlyCount "34"]
[EventDate "2004.07.11"]

1. e4 d6 2. d4 Nf6 3. Qe2 c6 4. c3 e5 5. dxe5 dxe5 6. Bg5 Be7 7. Bxf6 Bxf6 8.
Na3 O-O 9. Nc2 Be6 10. Ne3 Nd7 11. Qc2 Bg5 12. Nf5 Nc5 13. b4 Nxe4 14. Rd1 Qf6
15. Nxg7 Rad8 16. Rxd8 Rxd8 17. Nf3 Bd2+ 0-1

[Event "II Festival A"]
[Site "Cortina d'Ampezzo ITA"]
[Date "2004.07.15"]
[Round "6"]
[White "Bisignano, Giuseppe"]
[Black "Castaldo, Folco"]
[Result "0-1"]
[WhiteElo "1958"]
[BlackElo "2318"]
[PlyCount "60"]
[EventDate "2004.07.11"]

1. e4 d6 2. d4 Nf6 3. Nc3 g6 4. Nf3 Bg7 5. Bd3 O-O 6. h3 c6 7. O-O b5 8. e5
dxe5 9. dxe5 Nfd7 10. Bf4 Nc5 11. Ne4 Ne6 12. Bg3 Nd7 13. Qe2 Qc7 14. Ned2 Ndc5
15. b4 Nxd3 16. Qxd3 a5 17. a3 c5 18. c3 Bb7 19. Qe3 Qc6 20. bxa5 Rxa5 21. Ne1
c4 22. f3 Qc5 23. Qxc5 Nxc5 24. Nc2 Na4 25. Rfb1 Nxc3 26. Nxc4 bxc4 27. Rxb7
Ne2+ 28. Kf2 Nxg3 29. Rxe7 Nf5 30. Rc7 Bxe5 0-1

[Event "II Festival A"]
[Site "Cortina d'Ampezzo ITA"]
[Date "2004.07.15"]
[Round "6"]
[White "Boscolo, Marco"]
[Black "Tamburini, Lorenzo"]
[Result "0-1"]
[WhiteElo "1898"]
[BlackElo "2078"]
[PlyCount "150"]
[EventDate "2004.07.11"]

1. d4 Nf6 2. Nf3 e6 3. Bf4 b6 4. Nbd2 Bb7 5. e3 Be7 6. Bd3 c5 7. c3 O-O 8. h3
d5 9. O-O Ba6 10. Bxa6 Nxa6 11. Qe2 Qc8 12. Ne5 Qb7 13. Rfe1 Rfd8 14. Nf1 b5
15. a3 Nb8 16. Nh2 b4 17. cxb4 cxb4 18. Rec1 bxa3 19. bxa3 Rc8 20. a4 Nc6 21.
Nxc6 Rxc6 22. Rxc6 Qxc6 23. Qb5 Qc3 24. Rb1 a5 25. Qb7 Re8 26. Nf3 Bb4 27. Ne5
Rf8 28. Qb5 Qc2 29. Rf1 Ne4 30. Nc6 Be1 31. f3 Nc3 32. Qa6 Ne2+ 33. Kh1 Nxf4
34. exf4 Qc3 35. Qb5 g6 36. Ne7+ Kg7 37. Nc6 Rc8 38. Ne5 Bd2 39. g3 Qc7 40. Qd3
Bb4 41. Qb5 Rb8 42. Qd3 Rb6 43. Ng4 Qc3 44. Qe2 Qxd4 45. Rd1 Qc3 46. Ne5 Rb7
47. f5 gxf5 48. g4 fxg4 49. Rg1 Bd6 50. Nxg4 Rb2 51. Qf1 Kf8 52. Rg2 h5 53.
Rxb2 Qxb2 54. Qa6 Qc1+ 55. Kg2 Qd2+ 56. Nf2 Qg5+ 57. Kf1 Qc1+ 58. Kg2 Qc5 59.
Nd3 Qc7 60. Nf2 Bc5 61. Qd3 Qb6 62. Nd1 Qb4 63. Qe2 Qd4 64. h4 Qxa4 65. Nf2 Qd4
66. Nh3 Qxh4 67. Qb5 Qb4 68. Qe2 a4 69. Ng5 Qb1 70. Nxe6+ fxe6 71. Qxe6 Qg1+
72. Kh3 Qh1+ 73. Kg3 h4+ 74. Kf4 Qh2+ 75. Kg4 Qg3+ 0-1

[Event "II Festival A"]
[Site "Cortina d'Ampezzo ITA"]
[Date "2004.07.15"]
[Round "6"]
[White "Cardili, Mariano"]
[Black "Zoldan, Matteo"]
[Result "1/2-1/2"]
[WhiteElo "1997"]
[BlackElo "2103"]
[PlyCount "39"]
[EventDate "2004.07.11"]

1. d4 Nf6 2. c4 g6 3. Nc3 Bg7 4. e4 d6 5. Nf3 O-O 6. Be2 Na6 7. O-O e5 8. Re1
Qe8 9. Bf1 Bg4 10. Be3 Bxf3 11. Qxf3 Ng4 12. d5 Nxe3 13. Qxe3 c5 14. dxc6 bxc6
15. Red1 Qe7 16. a3 Nc7 17. b4 Ne6 18. b5 Nd4 19. Ra2 Rfc8 20. Rb1 1/2-1/2

[Event "II Festival A"]
[Site "Cortina d'Ampezzo ITA"]
[Date "2004.07.15"]
[Round "6"]
[White "Cavatorta, Fosco"]
[Black "Dvirnyy, Danyyil"]
[Result "0-1"]
[WhiteElo "2057"]
[BlackElo "1968"]
[PlyCount "112"]
[EventDate "2004.07.11"]

1. e4 c5 2. Nf3 d6 3. g3 g6 4. Bg2 Bg7 5. O-O Nc6 6. c3 e5 7. d3 Nge7 8. Nbd2
O-O 9. a3 a5 10. a4 h6 11. Nc4 Be6 12. Na3 f5 13. Bh3 g5 14. Bxg5 hxg5 15. Nxg5
Bf7 16. Nxf7 Rxf7 17. Qh5 Rf6 18. exf5 Qf8 19. Bg2 Rxf5 20. Qh3 Bh6 21. Nb5 Rf6
22. Rae1 Qf7 23. Nc7 Rf8 24. c4 Kg7 25. Nd5 Nxd5 26. Bxd5 Qe7 27. Re4 Rg6 28.
Rg4 Rff6 29. Be4 Rxg4 30. Qxg4+ Kf8 31. Bd5 Ke8 32. Qc8+ Nd8 33. Qg4 Qg7 34.
Qxg7 Bxg7 35. Re1 Kd7 36. Kg2 Nc6 37. Re4 Nb4 38. Rg4 Nxd5 39. Rxg7+ Ne7 40. h4
Rg6 41. Rh7 b6 42. f3 Ke6 43. g4 d5 44. Kf2 e4 45. cxd5+ Nxd5 46. dxe4 Nf6 47.
Rb7 Ke5 48. h5 Rg8 49. Rxb6 Nd7 50. Ke3 Nxb6 51. f4+ Ke6 52. g5 Nd7 53. f5+ Ke5
54. g6 Nf6 55. h6 Rh8 56. h7 Nxh7 0-1

[Event "II Festival A"]
[Site "Cortina d'Ampezzo ITA"]
[Date "2004.07.15"]
[Round "6"]
[White "Cetro, Carlo"]
[Black "Ricci, Alfredo"]
[Result "0-1"]
[WhiteElo "2042"]
[BlackElo "2002"]
[PlyCount "82"]
[EventDate "2004.07.11"]

1. c4 Nf6 2. Nc3 g6 3. g3 Bg7 4. Bg2 O-O 5. Nf3 d6 6. O-O e5 7. d3 Nbd7 8. Rb1
a5 9. a3 h6 10. b4 axb4 11. axb4 Re8 12. Nd2 Nf8 13. Qb3 Ne6 14. e3 c6 15. Bb2
Qc7 16. Ra1 Bd7 17. Ra2 Rxa2 18. Qxa2 Ng5 19. h4 Nh3+ 20. Kh2 Ng4+ 21. Kxh3
Nxf2+ 22. Kh2 Ng4+ 23. Kh1 Nxe3 24. Rf3 Nxg2 25. Kxg2 f5 26. Qa1 Qd8 27. Qa7
Bc8 28. Rf1 Qd7 29. Qf2 f4 30. Nce4 d5 31. cxd5 cxd5 32. Nc5 Qh3+ 33. Kg1 fxg3
34. Qg2 Qxh4 35. Qxd5+ Kh7 36. Nf3 Qh3 37. Ne4 Kh8 38. Nd6 Be6 39. Qe4 g2 40.
Nh2 gxf1=Q+ 41. Nxf1 Rf8 0-1

[Event "II Festival A"]
[Site "Cortina d'Ampezzo ITA"]
[Date "2004.07.15"]
[Round "6"]
[White "Gardi, Giuseppe"]
[Black "Logallo, Claudio"]
[Result "1-0"]
[WhiteElo "2061"]
[BlackElo "2017"]
[PlyCount "85"]
[EventDate "2004.07.11"]

1. d4 Nf6 2. Nf3 g6 3. Bf4 Bg7 4. h3 d6 5. e3 O-O 6. Be2 c6 7. O-O Nbd7 8. Bh2
Re8 9. c4 e5 10. Nc3 e4 11. Nd2 Nf8 12. b4 h5 13. a4 Bf5 14. a5 N8h7 15. a6 b6
16. Nb3 Qd7 17. b5 cxb5 18. Nxb5 Bh6 19. Nxd6 Bxh3 20. Nxe8 Rxe8 21. Be5 Bg4
22. c5 bxc5 23. Nxc5 Qf5 24. Nb7 Re6 25. Nd6 Qg5 26. Bf4 Qh4 27. Bg3 Qg5 28.
Rc1 Bf8 29. Nc4 Nd5 30. Bxg4 hxg4 31. Ne5 Ndf6 32. Rc7 Be7 33. Rxa7 Qh5 34. Bf4
g5 35. Bg3 Nf8 36. Ra8 Bd6 37. a7 Bxe5 38. dxe5 Ne8 39. Rc8 Rh6 40. f3 exf3 41.
gxf3 Qh1+ 42. Kf2 Qxf3+ 43. Qxf3 1-0

[Event "II Festival A"]
[Site "Cortina d'Ampezzo ITA"]
[Date "2004.07.15"]
[Round "6"]
[White "Guido, Flavio"]
[Black "Genocchio, Daniele"]
[Result "1/2-1/2"]
[WhiteElo "2338"]
[BlackElo "2353"]
[PlyCount "77"]
[EventDate "2004.07.11"]

1. e4 c5 2. c3 d6 3. d4 Nf6 4. Bd3 g6 5. dxc5 dxc5 6. e5 Nh5 7. h3 Bf5 8. Bxf5
Qxd1+ 9. Kxd1 gxf5 10. Be3 Nc6 11. g4 O-O-O+ 12. Ke2 f4 13. Bd2 Ng7 14. Bxf4 h5
15. gxh5 Nxh5 16. Bh2 Bh6 17. Nf3 Nf4+ 18. Bxf4 Bxf4 19. Na3 Nxe5 20. Nxe5 Bxe5
21. Nc4 Bf6 22. Rad1 Rdg8 23. Rd5 b6 24. Rf5 Rh6 25. Ne5 Rg7 26. Nc4 Rgh7 27.
Rf3 Rh4 28. Nd6+ Kd7 29. Rd1 exd6 30. Rxf6 Re4+ 31. Kf3 Re6 32. Rxe6 fxe6 33.
Kg4 Ke7 34. c4 Rg7+ 35. Kf3 Rh7 36. Kg4 Rg7+ 37. Kf3 Rf7+ 38. Kg3 Rg7+ 39. Kf3
1/2-1/2

[Event "II Festival A"]
[Site "Cortina d'Ampezzo ITA"]
[Date "2004.07.15"]
[Round "6"]
[White "Lazic, Miroljub"]
[Black "Cacco, Christian"]
[Result "1/2-1/2"]
[WhiteElo "2471"]
[BlackElo "2282"]
[PlyCount "112"]
[EventDate "2004.07.11"]

1. e4 c5 2. Nf3 Nc6 3. Bb5 g6 4. Bxc6 dxc6 5. d3 Bg7 6. h3 e5 7. Be3 Qd6 8.
Nbd2 Be6 9. O-O Nf6 10. Ng5 Nd7 11. b3 Nf8 12. Rb1 f6 13. Ngf3 Bf7 14. Nc4 Qe7
15. Qd2 Ne6 16. b4 b6 17. bxc5 Nxc5 18. Qb4 Nb7 19. Qa4 O-O 20. Qxc6 Rfc8 21.
Qb5 Bf8 22. Nfd2 g5 23. a4 Rc7 24. Qa6 Qd8 25. a5 Nxa5 26. Nxa5 bxa5 27. Nc4
Kg7 28. Qxa5 Rac8 29. Rfd1 Qd7 30. h4 gxh4 31. f3 Qc6 32. Qe1 Bxc4 33. dxc4
Qxc4 34. Qxh4 Qf7 35. Ra1 Qg6 36. c4 Kh8 37. Rxa7 Bh6 38. Ra3 Bxe3+ 39. Rxe3
Rxc4 40. Red3 Rg8 41. R1d2 Qg5 42. Qxg5 Rxg5 43. Rd6 Rg6 44. Kf2 Rc7 45. g4 Rf7
46. Re6 Rg8 47. Rdd6 Kg7 48. Kg3 h6 49. f4 exf4+ 50. Kxf4 Ra8 51. Rd3 Ra5 52.
Re8 Kg6 53. Rd6 Kg7 54. Rdd8 Kg6 55. Rd6 Kg7 56. Rdd8 Kg6 1/2-1/2

[Event "II Festival A"]
[Site "Cortina d'Ampezzo ITA"]
[Date "2004.07.15"]
[Round "6"]
[White "Mariano, Elia"]
[Black "Forno, Roberto"]
[Result "1-0"]
[WhiteElo "2212"]
[BlackElo "2015"]
[PlyCount "85"]
[EventDate "2004.07.11"]

1. d4 g6 2. c4 Bg7 3. Nc3 d6 4. e4 Nc6 5. Be3 e5 6. d5 Nd4 7. Nge2 Bg4 8. Qd2
Bxe2 9. Bxe2 c5 10. dxc6 bxc6 11. c5 Ne7 12. O-O O-O 13. Rfd1 Rb8 14. Rac1 f5
15. cxd6 Qxd6 16. Bc4+ Kh8 17. exf5 gxf5 18. f4 Rfd8 19. Qf2 c5 20. b3 e4 21.
Ne2 Nec6 22. Ng3 Qg6 23. Be2 Rd5 24. Bc4 Rd7 25. Rd2 Rbd8 26. Rcd1 h5 27. Kh1
h4 28. Ne2 Bf6 29. b4 h3 30. bxc5 hxg2+ 31. Qxg2 Qxg2+ 32. Kxg2 Rg7+ 33. Kh1
Nf3 34. Rxd8+ Bxd8 35. Ng1 Bh4 36. Nxf3 exf3 37. Bd5 Nb4 38. Bd4 f2 39. Bxg7+
Kxg7 40. Bg2 Nc2 41. Rd3 Ne1 42. Rd7+ Kf6 43. Rh7 1-0

[Event "II Festival A"]
[Site "Cortina d'Ampezzo ITA"]
[Date "2004.07.15"]
[Round "6"]
[White "Miladinovic, Igor"]
[Black "Drazic, Sinisa"]
[Result "1-0"]
[WhiteElo "2630"]
[BlackElo "2461"]
[PlyCount "121"]
[EventDate "2004.07.11"]

1. d4 d5 2. c4 c6 3. cxd5 cxd5 4. Nc3 Nf6 5. Bf4 Nc6 6. e3 a6 7. Bd3 e6 8. Rc1
Be7 9. Nf3 Nh5 10. Be5 f6 11. Bg3 g6 12. a3 O-O 13. b4 Kg7 14. Bh4 Kh8 15. O-O
Bd7 16. e4 Be8 17. exd5 exd5 18. Re1 Bf7 19. Na4 Bd6 20. Nc5 Qc8 21. Bg3 Nxg3
22. hxg3 Re8 23. Rxe8+ Bxe8 24. Qb3 Ne7 25. Rc3 Qb8 26. a4 Qa7 27. g4 b6 28.
Nxa6 Qd7 29. a5 b5 30. Nc5 Qxg4 31. Nb7 Bf4 32. Qc2 Ra7 33. Nc5 g5 34. Qe2 Bh5
35. Qe6 Qxe6 36. Nxe6 Bd6 37. Nc5 Bxf3 38. gxf3 Nc6 39. Ne6 Ne7 40. Nc5 Nc6 41.
Nb7 Bxb4 42. Rxc6 Rxb7 43. a6 Ra7 44. Rb6 Bd2 45. Rxb5 Kg7 46. Rxd5 Kf7 47. Rd6
Bf4 48. Rc6 h5 49. Bf5 Bb8 50. d5 Re7 51. Be6+ Kg6 52. Kg2 Ba7 53. Rc8 Bb6 54.
Rg8+ Kh7 55. Rb8 Bc5 56. Rb5 Bd6 57. Rb6 Bc5 58. Rc6 Ba7 59. Bf5+ Kh6 60. d6
Re2 61. Rc2 1-0

[Event "II Festival A"]
[Site "Cortina d'Ampezzo ITA"]
[Date "2004.07.15"]
[Round "6"]
[White "Papa, Angelo"]
[Black "D'Apa, Matteo"]
[Result "1/2-1/2"]
[WhiteElo "1904"]
[BlackElo "1939"]
[PlyCount "81"]
[EventDate "2004.07.11"]

1. d4 d5 2. Nf3 c6 3. c4 Nf6 4. e3 e6 5. Bd3 Bd6 6. O-O O-O 7. Nbd2 Nbd7 8. e4
dxe4 9. Nxe4 Nxe4 10. Bxe4 Nf6 11. Bg5 h6 12. Bxf6 Qxf6 13. Qe2 Bd7 14. Rad1
Rad8 15. a3 a5 16. Rfe1 Rfe8 17. Bb1 Bc8 18. Qc2 g6 19. c5 Bf4 20. Ne5 Rxd4 21.
Rxd4 Bxe5 22. Rd2 Bc7 23. Red1 Qf4 24. g3 Qf6 25. Rd4 e5 26. Rh4 h5 27. Qc1 Bg4
28. Rxg4 hxg4 29. Qh6 Rd8 30. Rxd8+ Qxd8 31. Ba2 Qd1+ 32. Kg2 Qf3+ 33. Kg1 Qd1+
34. Kg2 Qf3+ 35. Kg1 b6 36. Qxg6+ Kf8 37. Qh6+ Ke8 38. Qe3 Qxe3 39. fxe3 bxc5
40. e4 Ke7 41. Kg2 1/2-1/2

[Event "II Festival A"]
[Site "Cortina d'Ampezzo ITA"]
[Date "2004.07.15"]
[Round "6"]
[White "Qendro, Llambi"]
[Black "Vezzosi, Paolo"]
[Result "1/2-1/2"]
[WhiteElo "2343"]
[BlackElo "2350"]
[PlyCount "33"]
[EventDate "2004.07.11"]

1. d4 d5 2. c4 e6 3. Nc3 Nf6 4. cxd5 exd5 5. Bg5 Be7 6. e3 c6 7. Qc2 Nbd7 8.
Bd3 O-O 9. Nge2 Re8 10. O-O Nf8 11. Rab1 a5 12. Rbd1 Bg4 13. f3 Bh5 14. Nf4 Bg6
15. Nxg6 hxg6 16. Qf2 Ne6 17. Bh4 1/2-1/2